[Event "RA Spring Frost"]
[Site "Ottawa CAN"]
[Date "2002.02.21"]
[Round "1"]
[White "Pacey, Kevin"]
[Black "Djerkovic, Miladin"]
[Result "1-0"]
[WhiteElo "2346"]
[BlackElo "2259"]
[PlyCount "69"]
[EventDate "2002.02.21"]
[EventType "tourn"]
[EventRounds "6"]
[EventCountry "CAN"]

1. d4 Nf6 2. c4 e6 3. Nc3 Bb4 4. e3 c5 5. Bd3 Nc6 6. Nf3 Bxc3+ 7. bxc3 d6 8.
Nd2 e5 9. d5 Ne7 10. e4 O-O 11. Nf1 Ne8 12. Ng3 f5 13. exf5 Nxf5 14. Qc2 g6 15.
Ne4 Qc7 16. O-O Nf6 17. Ng5 Bd7 18. f4 Rae8 19. fxe5 dxe5 20. Ne4 Nxe4 21. Bxe4
Kg7 22. Qd2 Qd6 23. g4 Ne7 24. Qh6+ Kg8 25. Bg5 Bxg4 26. Rxf8+ Rxf8 27. Qh4 Qd7
28. Bxe7 Rf4 29. Rf1 Bf3 30. Bxf3 Rxh4 31. Bxh4 e4 32. Be2 g5 33. Bg3 Qg7 34.
d6 Qxc3 35. Rd1 1-0

[Event "RA Spring Frost"]
[Site "Ottawa CAN"]
[Date "2002.02.28"]
[Round "2"]
[White "Gelblum, Robert"]
[Black "Pacey, Kevin"]
[Result "1/2-1/2"]
[WhiteElo "2160"]
[BlackElo "2346"]
[PlyCount "93"]
[EventDate "2002.02.21"]
[EventType "tourn"]
[EventRounds "6"]
[EventCountry "CAN"]

1. e4 e5 2. Nf3 Nc6 3. Bb5 a6 4. Ba4 Nf6 5. O-O Be7 6. Re1 b5 7. Bb3 d6 8. c3
O-O 9. h3 Na5 10. Bc2 c5 11. d4 Qc7 12. Nbd2 Bd7 13. dxe5 dxe5 14. Nf1 Rfd8 15.
Qe2 Nh5 16. N1h2 Nf4 17. Bxf4 exf4 18. e5 Qb6 19. Rad1 Rab8 20. b3 Qh6 21. Ng4
Bxg4 22. hxg4 Qc6 23. Be4 Qb6 24. Bb1 Rxd1 25. Rxd1 Rd8 26. Rxd8+ Qxd8 27. e6
g6 28. exf7+ Kxf7 29. Ne5+ Kg7 30. Qe4 Bf6 31. b4 Qe7 32. Nc6 Nxc6 33. Qxc6
Qe1+ 34. Kh2 Qxb1 35. Qc7+ Kg8 36. Qc8+ Kf7 37. Qc7+ Be7 38. Qxf4+ Ke6 39. Qe3+
Kd7 40. bxc5 Qxa2 41. Qd4+ Kc8 42. Qe4 Bd8 43. Qa8+ Kc7 44. Qa7+ Kc6 45. Qa8+
Kxc5 46. Qc8+ Kd5 47. Qxd8+ 1/2-1/2

[Event "RA Spring Frost"]
[Site "Ottawa CAN"]
[Date "2002.02.28"]
[Round "2"]
[White "Veltmann, Alfred"]
[Black "Handelman, Michael"]
[Result "1/2-1/2"]
[WhiteElo "1762"]
[BlackElo "1952"]
[PlyCount "55"]
[EventDate "2002.02.21"]
[EventType "tourn"]
[EventRounds "6"]
[EventCountry "CAN"]

1. e4 c5 2. Nf3 d6 3. Bc4 Nc6 4. O-O Nf6 5. d3 e6 6. Bg5 Be7 7. Nbd2 O-O 8. a4
d5 9. exd5 exd5 10. Ba2 Bg4 11. Qe1 Re8 12. h3 Bh5 13. Qc1 Qd6 14. Re1 Bd8 15.
c3 Ne5 16. Nxe5 Rxe5 17. Bh4 Rxe1+ 18. Qxe1 Bc7 19. Bg3 Qd7 20. Bxc7 Qxc7 21.
f3 Re8 22. Qf2 Bg6 23. d4 cxd4 24. Qxd4 Re2 25. Rf1 Qg3 26. Rf2 Re1+ 27. Rf1
Re2 28. Rf2 1/2-1/2

[Event "RA Spring Frost"]
[Site "Ottawa CAN"]
[Date "2002.03.07"]
[Round "3"]
[White "Pacey, Kevin"]
[Black "Predescu, Sebastian"]
[Result "1-0"]
[WhiteElo "2346"]
[BlackElo "2095"]
[PlyCount "111"]
[EventDate "2002.02.21"]
[EventType "tourn"]
[EventRounds "6"]
[EventCountry "CAN"]

1. b3 d5 2. Bb2 c5 3. e3 a6 4. Nf3 Nc6 5. d4 Nf6 6. Nbd2 e6 7. Bd3 b6 8. O-O
Be7 9. Ne5 Nxe5 10. dxe5 Nd7 11. c4 Bb7 12. cxd5 Bxd5 13. Ne4 Qc7 14. Qg4 Rg8
15. Nf6+ Bxf6 16. exf6 g6 17. f4 Qb7 18. f5 exf5 19. Rxf5 Be6 20. Be4 Bxf5 21.
Bxb7 Bxg4 22. Bxa8 Kd8 23. Bd5 Rf8 24. Bc4 b5 25. Bd5 Be6 26. Bf3 Kc7 27. Rc1
Kb6 28. Rd1 Kc7 29. Bc3 b4 30. Be1 Nxf6 31. Bg3+ Kb6 32. Rd6+ Ka7 33. Be2 Ne4
34. Rxa6+ Kb7 35. Be1 Nc3 36. Bf1 Rd8 37. Ra5 Ne4 38. Be2 h5 39. a3 Bxb3 40.
Bf3 Kb6 41. axb4 cxb4 42. Bxb4 f5 43. Ra3 Rd3 44. Be2 Rxe3 45. Bc4 Bxc4 46.
Rxe3 Kc6 47. Ra3 Kd5 48. Ra7 Ke5 49. Ba3 f4 50. Bb2+ Kf5 51. Ra5+ Kg4 52. h3+
Kg3 53. Bd4 g5 54. Re5 Kh4 55. Rxe4 Bd5 56. Bf2# 1-0

[Event "RA Spring Frost"]
[Site "Ottawa CAN"]
[Date "2002.03.07"]
[Round "3"]
[White "Pagayatan, Noel"]
[Black "Veltmann, Alfred"]
[Result "1-0"]
[WhiteElo "1918"]
[BlackElo "1762"]
[PlyCount "73"]
[EventDate "2002.02.21"]
[EventType "tourn"]
[EventRounds "6"]
[EventCountry "CAN"]

1. e4 e5 2. Nf3 Nc6 3. Bb5 Nf6 4. d3 d6 5. h3 Bd7 6. c3 g6 7. Nbd2 Bg7 8. O-O
a6 9. Ba4 O-O 10. Re1 b5 11. Bc2 Nh5 12. Nf1 Nf4 13. Be3 Qc8 14. a4 Ne7 15. d4
f6 16. Bxf4 exf4 17. Qe2 Re8 18. N1d2 g5 19. axb5 axb5 20. Bd3 Rxa1 21. Rxa1 c6
22. Qd1 h6 23. Ra7 Be6 24. b3 d5 25. c4 bxc4 26. bxc4 Qb8 27. Qa4 Bf8 28. Qa6
dxc4 29. Bxc4 Bxc4 30. Qxc4+ Kg7 31. Qxc6 Rc8 32. Qb7 Qxb7 33. Rxb7 Kf7 34. Kf1
Ke6 35. d5+ Kd6 36. Rb6+ Kd7 37. Rxf6 1-0

[Event "RA Spring Frost"]
[Site "Ottawa CAN"]
[Date "2002.03.14"]
[Round "4"]
[White "Djerkovic, Miladin"]
[Black "Pacey, Kevin"]
[Result "0-1"]
[WhiteElo "2259"]
[BlackElo "2346"]
[PlyCount "102"]
[EventDate "2002.02.21"]
[EventType "tourn"]
[EventRounds "6"]
[EventCountry "CAN"]

1. d4 Nc6 2. c4 e5 3. d5 Nce7 4. g3 f5 5. Nf3 d6 6. Nc3 g6 7. h4 Nf6 8. Bg2 Bg7
9. e4 c6 10. c5 Nxe4 11. dxc6 Nxc5 12. cxb7 Bxb7 13. h5 e4 14. Ng5 Ba6 15. Bf1
Qb6 16. hxg6 hxg6 17. Rxh8+ Bxh8 18. Nd5 Nxd5 19. Qxd5 O-O-O 20. Bxa6+ Qxa6 21.
Nf7 Nd3+ 22. Kd2 Qb6 23. Qa8+ Kd7 24. Qxd8+ Qxd8 25. Nxd8 Kxd8 26. Ke2 Kd7 27.
Be3 Bxb2 28. Rh1 d5 29. Bxa7 Nc1+ 30. Ke3 Nxa2 31. Bd4 Bc1+ 32. Ke2 g5 33. Rh6
f4 34. gxf4 gxf4 35. Rb6 f3+ 36. Kf1 Bf4 37. Rf6 Bd6 38. Bb2 Bc5 39. Ba3 Bxa3
40. Ra6 Bb4 41. Rxa2 d4 42. Kg1 d3 43. Ra1 Ke6 44. Kh2 Ke5 45. Kg3 d2 46. Rb1
Bd6 47. Kg4 Kd4 48. Kf5 Kd3 49. Ra1 e3 50. fxe3 Kxe3 51. Kg4 Ke2 0-1

[Event "RA Spring Frost"]
[Site "Ottawa CAN"]
[Date "2002.03.14"]
[Round "4"]
[White "Veltmann, Alfred"]
[Black "Raletich, George"]
[Result "1-0"]
[WhiteElo "1762"]
[BlackElo "1821"]
[Annotator ",Hugh"]
[PlyCount "87"]
[EventDate "2002.02.21"]
[EventType "tourn"]
[EventRounds "6"]
[EventCountry "CAN"]

1. d4 e6 2. Nf3 c5 3. c4 cxd4 4. Nxd4 Bb4+ 5. Bd2 Be7 6. Nc3 Nf6 7. e3 Nc6 8.
Be2 O-O 9. O-O d6 10. Bf3 Ne5 11. Be2 Ng6 12. Bc1 e5 13. Nf3 Bd7 14. Nd5 Bc6
15. Qb3 Rb8 16. a4 Ne4 17. Qc2 f5 18. b4 Rc8 19. Qb3 Bxd5 20. cxd5 Rc3 21. Qd1
Rc7 22. Bb2 Qc8 23. Rc1 Nc3 24. Bxc3 Rxc3 25. Qd2 Rxc1 26. Rxc1 Qb8 27. Qc2 Qe8
28. Bd1 Qf7 29. Qc4 Bd8 30. Bb3 Kh8 31. b5 Ba5 32. Ng5 Qe7 33. Ne6 Rg8 34. Qd3
Qf6 35. Rc2 h6 36. g3 Bb6 37. Qd2 Nf8 38. a5 Bd8 39. a6 b6 40. Rc8 Nd7 41. Qc2
Nc5 42. Nxc5 bxc5 43. Rb8 Bb6 44. Rb7 {etc.} 1-0

[Event "RA Spring Frost"]
[Site "Ottawa CAN"]
[Date "2002.03.28"]
[Round "5"]
[White "Handelman, Michael"]
[Black "Veltmann, Alfred"]
[Result "0-1"]
[WhiteElo "1952"]
[BlackElo "1762"]
[PlyCount "84"]
[EventDate "2002.02.21"]
[EventType "tourn"]
[EventRounds "6"]
[EventCountry "CAN"]

1. d4 d5 2. Nf3 Nf6 3. c4 dxc4 4. e3 a6 5. Bxc4 e6 6. Nc3 c5 7. O-O b6 8. Qe2
Bb7 9. Rd1 Qc7 10. e4 Be7 11. Bg5 cxd4 12. Nxd4 Nc6 13. Kh1 Ne5 14. Bxe6 fxe6
15. Nxe6 Qc4 16. Qxc4 Nxc4 17. Nxg7+ Kf7 18. Nf5 Bc5 19. b3 Bb4 20. Bxf6 Kxf6
21. Nd5+ Bxd5 22. Rxd5 Ne5 23. Nd4 Rhd8 24. Rxe5 Rxd4 25. f4 Rad8 26. h3 Ba3
27. g4 Rd2 28. g5+ Kf7 29. f5 R8d3 30. g6+ hxg6 31. fxg6+ Kg7 32. Rh5 Rg3 33.
Rg1 Rxg1+ 34. Kxg1 Kxg6 35. Rh8 Rxa2 36. h4 a5 37. h5+ Kg7 38. Rd8 Rb2 39. Rd3
Bc5+ 40. Kh1 Kf7 41. Rd5 Kf6 42. Rf5+ Kg7 0-1

[Event "RA Spring Frost"]
[Site "Ottawa CAN"]
[Date "2002.03.21"]
[Round "5"]
[White "Pacey, Kevin"]
[Black "Gelblum, Robert"]
[Result "1/2-1/2"]
[WhiteElo "2346"]
[BlackElo "2160"]
[PlyCount "93"]
[EventDate "2002.02.21"]
[EventType "tourn"]
[EventRounds "6"]
[EventCountry "CAN"]

1. b3 e5 2. Bb2 Nc6 3. Nf3 e4 4. Ne5 Nxe5 5. Bxe5 d5 6. e3 Nf6 7. c4 dxc4 8.
bxc4 Bd6 9. Bxf6 Qxf6 10. Nc3 Bf5 11. g4 Bg6 12. Bg2 Be5 13. Nd5 Qd6 14. Rc1 c6
15. Nc3 Bxc3 16. Rxc3 O-O-O 17. c5 Qd7 18. h4 h5 19. gxh5 Bxh5 20. Qc2 f5 21.
Ra3 a6 22. Qc3 Rh6 23. Bf1 Bf3 24. Rg1 g6 25. Rb3 Rxh4 26. Bxa6 bxa6 27. Qa5
Rdh8 28. Qxa6+ Kd8 29. Rb8+ Ke7 30. Rb7 Rh1 31. Rxd7+ Kxd7 32. Qb7+ Kd8 33.
Qb8+ Ke7 34. Qd6+ Kf7 35. Qxg6+ Ke7 36. Qd6+ Kf7 37. Qd7+ Kf6 38. Qxc6+ Kf7 39.
Qd7+ Kf6 40. Qg7+ Ke6 41. Qg6+ Ke7 42. Qd6+ Kf7 43. d4 Rxg1+ 44. Kd2 Rhh1 45.
c6 Rc1 46. Qd7+ Kf6 47. Qd8+ 1/2-1/2

[Event "RA Spring Frost"]
[Site "Ottawa CAN"]
[Date "2002.03.28"]
[Round "6"]
[White "Predescu, Sebastian"]
[Black "Pacey, Kevin"]
[Result "0-1"]
[WhiteElo "2095"]
[BlackElo "2346"]
[PlyCount "96"]
[EventDate "2002.02.21"]
[EventType "tourn"]
[EventRounds "6"]
[EventCountry "CAN"]

1. e4 e6 2. d4 d5 3. e5 c5 4. c3 Nc6 5. Nf3 Bd7 6. Be2 Qb6 7. a3 c4 8. Nbd2 Na5
9. O-O O-O-O 10. Rb1 Kb8 11. Qc2 h6 12. b3 cxb3 13. Nxb3 Ba4 14. Nfd2 Rc8 15.
Qb2 Nxb3 16. Nxb3 Bxb3 17. Qxb3 Qxb3 18. Rxb3 Ne7 19. Bd2 Nc6 20. Rfb1 Rc7 21.
a4 Be7 22. Ba6 b6 23. Rc1 Na5 24. Rbb1 Nc4 25. Bxc4 Rxc4 26. a5 Kb7 27. axb6 a5
28. Rb5 a4 29. Ra1 Ra8 30. Kf1 Ra6 31. Ke2 Rc6 32. Kd3 Rcxb6 33. Rxb6+ Kxb6 34.
c4 dxc4+ 35. Kxc4 Kc6 36. f4 h5 37. Bc1 a3 38. Ra2 Ra4+ 39. Kc3 Kd5 40. g3 Rc4+
41. Kd2 Bb4+ 42. Kd1 Rc3 43. Ra1 Kxd4 44. Ke2 Ke4 45. Rb1 Bc5 46. Bd2 a2 47.
Ra1 Rc2 48. Kd1 Kd3 0-1

[Event "RA Spring Frost"]
[Site "Ottawa CAN"]
[Date "2002.04.04"]
[Round "6"]
[White "Veltmann, Alfred"]
[Black "Pagayatan, Noel"]
[Result "1-0"]
[WhiteElo "1762"]
[BlackElo "1918"]
[PlyCount "102"]
[EventDate "2002.02.21"]
[EventType "tourn"]
[EventRounds "6"]
[EventCountry "CAN"]

1. Nf3 d5 2. g3 Nf6 3. Bg2 c6 4. d4 h6 5. c4 Bf5 6. Nc3 e6 7. Qb3 Qc8 8. Bf4
Be7 9. Rc1 dxc4 10. Qxc4 Nbd7 11. Qb3 O-O 12. O-O Nd5 13. Bd2 N7b6 14. Ne5 Nxc3
15. bxc3 Bf6 16. e4 Bh7 17. Ng4 Qd8 18. Nxf6+ Qxf6 19. Bf4 Qe7 20. Rfe1 Rac8
21. Be3 Rfd8 22. a4 e5 23. a5 Na8 24. Red1 b6 25. axb6 Nxb6 26. f3 Rb8 27. Qa2
Kh8 28. Bf1 f5 29. exf5 Bxf5 30. dxe5 Be6 31. Rxd8+ Rxd8 32. c4 Qf7 33. f4 Rd7
34. Qb3 Rb7 35. Qc2 Bf5 36. Qg2 Qg6 37. Rd1 Be4 38. Qf2 Na4 39. Bd4 Qh5 40. Be2
Qh3 41. Bf3 Qf5 42. Re1 Bxf3 43. Qxf3 Qe6 44. Rc1 Qd7 45. Qe3 Qe6 46. Bxa7 Rb2
47. Bd4 Ra2 48. Qb3 Rd2 49. Bf2 Nb2 50. Rc2 Rd1+ 51. Kg2 Qg4 1-0

[Event "RA Summer Pickup #1"]
[Site "Ottawa CAN"]
[Date "2002.05.02"]
[Round "1"]
[White "Pacey, Kevin"]
[Black "Patterson, Roger"]
[Result "1-0"]
[WhiteElo "2358"]
[BlackElo "2242"]
[PlyCount "41"]
[EventDate "2002.05.02"]
[EventType "swiss"]
[EventRounds "6"]
[EventCountry "CAN"]

1. b3 Nf6 2. Bb2 e6 3. Nf3 d5 4. g3 Be7 5. Bg2 O-O 6. O-O b6 7. c4 Bb7 8. d4 c5
9. dxc5 bxc5 10. cxd5 exd5 11. Ne5 Nbd7 12. Nd2 Nxe5 13. Bxe5 Qb6 14. Qc2 Rfe8
15. Qb2 Rad8 16. Rac1 Ba6 17. Bf3 Qe6 18. Rfd1 Nd7 19. Bxg7 d4 20. Bxd4 cxd4
21. Rc6 1-0

[Event "RA Summer Pickup #1"]
[Site "Ottawa CAN"]
[Date "2002.05.02"]
[Round "1"]
[White "Veltmann, Alfred"]
[Black "Holmes, Mike"]
[Result "0-1"]
[WhiteElo "1813"]
[BlackElo "1784"]
[PlyCount "70"]
[EventDate "2002.05.02"]
[EventType "swiss"]
[EventRounds "6"]
[EventCountry "CAN"]

1. Nf3 f5 2. d4 Nf6 3. c4 g6 4. Nc3 Bg7 5. Bg5 O-O 6. Qd2 d6 7. Bh6 Ne4 8. Qe3
Nf6 9. Bxg7 Kxg7 10. d5 e5 11. dxe6 Bxe6 12. Nd2 Re8 13. Qf3 Nc6 14. e3 Ne5 15.
Qe2 a6 16. O-O-O b5 17. cxb5 axb5 18. Qxb5 Bxa2 19. Nxa2 Rxa2 20. Be2 Qa8 21.
Qb3 Rb8 22. Qc2 Rbxb2 23. Qxb2 Rxb2 24. Kxb2 Qb7+ 25. Ka2 Nd5 26. Nb1 Qa7+ 27.
Kb2 Qb6+ 28. Kc1 Qc5+ 29. Kb2 Qb4+ 30. Kc2 Qe4+ 31. Kd2 Qxg2 32. Rdf1 Qe4 33.
Rhg1 Qb4+ 34. Kc2 Qa4+ 35. Kd2 Qa2+ 0-1

[Event "RA Summer Pickup #1"]
[Site "Ottawa CAN"]
[Date "2002.05.09"]
[Round "2"]
[White "Bunning, Les"]
[Black "Veltmann, Alfred"]
[Result "1-0"]
[WhiteElo "1820"]
[BlackElo "1813"]
[PlyCount "44"]
[EventDate "2002.05.02"]
[EventType "swiss"]
[EventRounds "6"]
[EventCountry "CAN"]

1. e4 e5 2. f4 exf4 3. Nf3 g5 4. Bc4 Bg7 5. O-O d6 6. d4 Nc6 7. c3 h6 8. Re1
Nge7 9. Nbd2 O-O 10. h4 d5 11. exd5 Nxd5 12. Ne4 Kh8 13. hxg5 f5 14. gxh6 Bxh6
15. Bxd5 Qxd5 16. Nf2 Bd7 17. Nh3 Rae8 18. Bxf4 Bxf4 19. Nxf4 Qd6 20. Ne5 Nxe5
21. dxe5 Qxd1 22. Raxd1 Rf7 1-0

[Event "RA Summer Pickup #1"]
[Site "Ottawa CAN"]
[Date "2002.05.09"]
[Round "2"]
[White "Voloaca, Mihnea"]
[Black "Pacey, Kevin"]
[Result "1-0"]
[WhiteElo "2284"]
[BlackElo "2358"]
[PlyCount "121"]
[EventDate "2002.05.02"]
[EventType "swiss"]
[EventRounds "6"]
[EventCountry "CAN"]

1. Nf3 g6 2. g3 Bg7 3. Bg2 d6 4. d4 Nd7 5. c4 e5 6. Nc3 Nh6 7. O-O O-O 8. e4 c6
9. d5 c5 10. a3 f6 11. b4 Nf7 12. Nh4 Bh6 13. Bxh6 Nxh6 14. Qd2 g5 15. Nb5 Qe7
16. Nc7 Nb6 17. Nxa8 Nxc4 18. Qc1 b5 19. bxc5 dxc5 20. d6 Nxd6 21. Qxc5 Bb7 22.
Nc7 Rc8 23. Rac1 gxh4 24. Rfd1 Nhf7 25. Bh3 hxg3 26. hxg3 f5 27. exf5 Qg5 28.
Qe3 Nc4 29. Qxa7 Bf3 30. Re1 Qh6 31. Ne6 Ra8 32. Qe7 Qxh3 33. Qxf7+ Kxf7 34.
Ng5+ Kf6 35. Nxh3 Kxf5 36. Rc3 Kg4 37. Ng5 Bc6 38. Ne4 Rxa3 39. f3+ Kh5 40.
Rxa3 Nxa3 41. Nd2 e4 42. Nxe4 b4 43. Nd2 Ba4 44. Re4 Nc2 45. Rc4 Kg6 46. Kh2
Kf5 47. Kh3 Ke5 48. Kh4 Kf6 49. g4 Kg6 50. f4 Kf6 51. f5 Kg7 52. g5 Ne3 53. f6+
Kg6 54. Rc7 Nf5+ 55. Kg4 h6 56. f7 Bd1+ 57. Kf4 hxg5+ 58. Ke5 Kg7 59. Kxf5 b3
60. Kxg5 Bc2 61. Rb7 1-0

[Event "RA Summer Pickup #1"]
[Site "Ottawa CAN"]
[Date "2002.05.16"]
[Round "3"]
[White "Barclay, Wayne"]
[Black "Pacey, Kevin"]
[Result "1-0"]
[WhiteElo "2276"]
[BlackElo "2358"]
[PlyCount "67"]
[EventDate "2002.05.02"]
[EventType "swiss"]
[EventRounds "6"]
[EventCountry "CAN"]

1. d4 Nf6 2. c4 c5 3. d5 e6 4. Nc3 exd5 5. cxd5 d6 6. e4 g6 7. Be2 Bg7 8. Bf4
O-O 9. Nf3 Qe7 10. Nd2 Nbd7 11. O-O Ne5 12. h3 Rb8 13. a4 a6 14. a5 Bd7 15. Re1
Ne8 16. Bg3 g5 17. Nc4 Nxc4 18. Bxc4 b5 19. axb6 Rxb6 20. Qe2 Nc7 21. e5 Bxe5
22. Bxe5 Qxe5 23. Qxe5 dxe5 24. Rxe5 Rxb2 25. Rxg5+ Kh8 26. d6 Ne6 27. Bxe6
fxe6 28. f3 Rc2 29. Ne4 c4 30. Rxa6 h6 31. Rc5 Rg8 32. g4 Rb8 33. Ra1 Rbb2 34.
Rc7 1-0

[Event "RA Summer Pickup #1"]
[Site "Ottawa CAN"]
[Date "2002.05.16"]
[Round "3"]
[White "Veltmann, Alfred"]
[Black "Danilov, Alex"]
[Result "0-1"]
[WhiteElo "1813"]
[BlackElo "1839"]
[PlyCount "54"]
[EventDate "2002.05.02"]
[EventType "swiss"]
[EventRounds "6"]
[EventCountry "CAN"]

1. Nf3 Nf6 2. g3 c5 3. Bg2 Nc6 4. c4 d5 5. cxd5 Nxd5 6. Nc3 Nc7 7. O-O e5 8. d3
Be7 9. Ne4 O-O 10. Be3 f5 11. Nc3 Be6 12. Qc1 h6 13. Ne1 Nd5 14. Bd2 Nd4 15.
Bxd5 Qxd5 16. Qd1 Qd7 17. Nc2 b5 18. b3 b4 19. Na4 Rad8 20. Nb2 f4 21. Nc4 Bh3
22. Nxd4 cxd4 23. Nxe5 Qd5 24. Nf3 fxg3 25. hxg3 g5 26. Qc1 Rc8 27. Qb2 Rxf3
0-1

[Event "RA Summer Pickup #1"]
[Site "Ottawa CAN"]
[Date "2002.05.23"]
[Round "4"]
[White "Pacey, Kevin"]
[Black "De Kerpel, Stijn"]
[Result "1-0"]
[WhiteElo "2358"]
[BlackElo "2146"]
[PlyCount "105"]
[EventDate "2002.05.02"]
[EventType "swiss"]
[EventRounds "6"]
[EventCountry "CAN"]

1. b3 e5 2. Bb2 Nc6 3. Nf3 d6 4. d4 e4 5. Nfd2 f5 6. e3 Nf6 7. c4 Be7 8. Nc3
O-O 9. Be2 Qe8 10. O-O Bd8 11. Rb1 Kh8 12. Kh1 Qg6 13. f4 Ng4 14. Bxg4 fxg4 15.
d5 Nb4 16. a3 Na6 17. b4 Bf5 18. Ne2 Bf6 19. Nb3 Bh4 20. Ng3 Bd7 21. Qd4 Bf6
22. Qd2 Rae8 23. Bxf6 Rxf6 24. Qd4 b6 25. Nd2 Bf5 26. Ra1 h5 27. Rfb1 h4 28.
Nxf5 Qxf5 29. a4 Nb8 30. a5 c5 31. bxc5 bxc5 32. Qc3 Na6 33. Rb7 Rf7 34. Qb3
Nb4 35. Qa4 Ree7 36. Rb8+ Kh7 37. Re8 Qf6 38. Nxe4 Rxe4 39. Rxe4 Qc3 40. Qd1
Rf6 41. Rc1 Qb2 42. Rb1 Qa2 43. Ra1 Qb2 44. Qb1 Qe2 45. Re6+ Kh6 46. Qe1 Qxe1+
47. Rxe1 Kg6 48. e4 Rxe6 49. dxe6 Kf6 50. f5 Nc6 51. Rb1 Nxa5 52. Ra1 Nc6 53.
Ra6 1-0

[Event "RA Summer Pickup #1"]
[Site "Ottawa CAN"]
[Date "2002.05.23"]
[Round "4"]
[White "Predescu, Sebastian"]
[Black "Veltmann, Alfred"]
[Result "1-0"]
[WhiteElo "2099"]
[BlackElo "1813"]
[PlyCount "33"]
[EventDate "2002.05.02"]
[EventType "swiss"]
[EventRounds "6"]
[EventCountry "CAN"]

1. e4 e5 2. Nf3 Nc6 3. d4 exd4 4. Nxd4 Bc5 5. Be3 Bb6 6. Bc4 Qe7 7. Nc3 Nf6 8.
Nf5 Qf8 9. Bxb6 axb6 10. O-O g6 11. Ne3 d6 12. Ncd5 Nxd5 13. exd5 Ne5 14. Re1
Kd8 15. Bb5 Bd7 16. f4 Bxb5 17. fxe5 1-0

[Event "RA Summer Pickup #1"]
[Site "Ottawa CAN"]
[Date "2002.05.30"]
[Round "5"]
[White "Gelblum, Robert"]
[Black "Pacey, Kevin"]
[Result "1-0"]
[WhiteElo "2179"]
[BlackElo "2358"]
[PlyCount "75"]
[EventDate "2002.05.02"]
[EventType "swiss"]
[EventRounds "6"]
[EventCountry "CAN"]

1. e4 Nc6 2. d4 d5 3. e5 Bf5 4. c3 e6 5. f4 h5 6. Nf3 Nh6 7. Bb5 Qd7 8. O-O a6
9. Be2 Be7 10. b4 a5 11. b5 Na7 12. Qa4 Nc8 13. Ba3 Nb6 14. Qb3 Ng4 15. Bxe7
Qxe7 16. Na3 Be4 17. c4 a4 18. Qc3 dxc4 19. Bxc4 Nxc4 20. Nxc4 b6 21. h3 Nh6
22. Ne3 Qd7 23. Ng5 Bb7 24. Rac1 O-O-O 25. Rfd1 Kb8 26. Qc4 Rhe8 27. Rd3 f6 28.
Nf3 Bxf3 29. gxf3 fxe5 30. fxe5 Qe7 31. f4 Qf7 32. Ng2 Nf5 33. Qxa4 Qd7 34. d5
Qc8 35. d6 Rd7 36. Rdc3 c5 37. bxc6 Ra7 38. c7+ 1-0

[Event "RA Summer Pickup #1"]
[Site "Ottawa CAN"]
[Date "2002.05.30"]
[Round "5"]
[White "Veltmann, Alfred"]
[Black "Schofield, Mike"]
[Result "1/2-1/2"]
[WhiteElo "1813"]
[BlackElo "1712"]
[PlyCount "71"]
[EventDate "2002.05.02"]
[EventType "swiss"]
[EventRounds "6"]
[EventCountry "CAN"]

1. Nf3 c5 2. c4 Nf6 3. Nc3 d5 4. cxd5 Nxd5 5. e3 Nc6 6. Bb5 Nxc3 7. bxc3 Bd7 8.
O-O e6 9. d4 Qa5 10. Qb3 a6 11. Be2 b5 12. dxc5 Bxc5 13. Bd2 Qc7 14. Qc2 Ne5
15. Qe4 Nxf3+ 16. Bxf3 Rc8 17. Qb7 Qxb7 18. Bxb7 Rc7 19. Bf3 O-O 20. Rfd1 Rfc8
21. a3 Bc6 22. Be2 Bd5 23. Kf1 Bb6 24. f3 Bc4 25. Rdb1 Ba5 26. a4 Bxc3 27. Bxc3
Bxe2+ 28. Kxe2 Rxc3 29. axb5 Rc2+ 30. Kf1 axb5 31. Rxb5 g6 32. Re1 Rd2 33. Re2
Rc1+ 34. Kf2 Rxe2+ 35. Kxe2 Rc2+ 36. Kf1 1/2-1/2

[Event "RA Summer Pickup #1"]
[Site "Ottawa CAN"]
[Date "2002.06.06"]
[Round "6"]
[White "Pacey, Kevin"]
[Black "Peev, Pavel"]
[Result "1-0"]
[WhiteElo "2358"]
[BlackElo "2000"]
[PlyCount "57"]
[EventDate "2002.05.02"]
[EventType "swiss"]
[EventRounds "6"]
[EventCountry "CAN"]

1. e4 c5 2. c3 d5 3. exd5 Qxd5 4. d4 Nc6 5. Nf3 cxd4 6. cxd4 e6 7. Be2 Nf6 8.
O-O Be7 9. Nc3 Qa5 10. Bg5 O-O 11. a3 Nd5 12. Bxe7 Nxc3 13. bxc3 Nxe7 14. c4
Bd7 15. Bd3 Ng6 16. Re1 Qh5 17. Bxg6 hxg6 18. Re5 Qg4 19. Qd2 f6 20. h3 Qxf3
21. gxf3 fxe5 22. d5 Rxf3 23. Re1 Rf5 24. Qb2 Rg5+ 25. Kh1 Rf8 26. Rxe5 Rxf2
27. Qxf2 Rxe5 28. Qxa7 exd5 29. Qxb7 1-0

[Event "RA Summer Pickup #1"]
[Site "Ottawa CAN"]
[Date "2002.06.06"]
[Round "6"]
[White "Van Dusen, Eric"]
[Black "Veltmann, Alfred"]
[Result "1-0"]
[WhiteElo "1887"]
[BlackElo "1813"]
[PlyCount "67"]
[EventDate "2002.05.02"]
[EventType "swiss"]
[EventRounds "6"]
[EventCountry "CAN"]

1. d4 d5 2. c4 dxc4 3. e4 Nf6 4. Nc3 e6 5. Bxc4 b6 6. Nf3 Bb7 7. O-O Be7 8. Qe2
O-O 9. e5 Nd5 10. Ne4 Nc6 11. a3 a6 12. Rd1 b5 13. Ba2 b4 14. Bg5 h6 15. Bxe7
Qxe7 16. Rac1 Ra7 17. Nc5 bxa3 18. Bxd5 exd5 19. Nxb7 Rxb7 20. Rxc6 axb2 21.
Rb1 Qa3 22. Qc2 Qa2 23. h3 Ra8 24. Nd2 a5 25. Rxc7 Rb4 26. Rc8+ Rxc8 27. Qxc8+
Kh7 28. Qc2+ Kg8 29. Kh2 a4 30. Qc5 Rb3 31. Qc8+ Kh7 32. Qf5+ Kg8 33. Qc8+ Kh7
34. Qc2+ 1-0

[Event "RA Summer Pickup #2"]
[Site "Ottawa CAN"]
[Date "2002.06.13"]
[Round "1"]
[White "Pacey, Kevin"]
[Black "Barclay, Wayne"]
[Result "0-1"]
[WhiteElo "2339"]
[BlackElo "2277"]
[PlyCount "78"]
[EventDate "2002.06.13"]
[EventType "swiss"]
[EventRounds "6"]
[EventCountry "CAN"]

1. d4 Nf6 2. c4 e6 3. Nc3 Bb4 4. e3 c5 5. Bd3 d5 6. Nf3 O-O 7. O-O Nc6 8. a3
Bxc3 9. bxc3 Qc7 10. cxd5 exd5 11. Nh4 Ne7 12. Ra2 Be6 13. Bb1 Rac8 14. Rb2 Ne4
15. f3 Nxc3 16. Qd3 Nxb1 17. e4 Nxa3 18. Qxa3 b6 19. Be3 cxd4 20. Bxd4 Nc6 21.
Bf2 Qe7 22. Qd3 Rfd8 23. Nf5 Qf6 24. Qb1 Bxf5 25. exf5 d4 26. Qe4 Qe5 27. Qg4
d3 28. Rd2 Nd4 29. f6 Nf5 30. Bh4 Qd4+ 31. Qxd4 Rxd4 32. Bf2 Rd5 33. g4 Nd6 34.
Re1 gxf6 35. Re3 Rc3 36. Bh4 Kg7 37. Re7 Rc2 38. Rd1 Nc4 39. Be1 d2 0-1

[Event "RA Summer Pickup #2"]
[Site "Ottawa CAN"]
[Date "2002.06.20"]
[Round "2"]
[White "Giroux, Dave"]
[Black "Veltmann, Alfred"]
[Result "1-0"]
[WhiteElo "1748"]
[BlackElo "1731"]
[PlyCount "75"]
[EventDate "2002.06.13"]
[EventType "swiss"]
[EventRounds "6"]
[EventCountry "CAN"]

1. e4 e5 2. Nf3 Nc6 3. Bb5 a6 4. Ba4 Nf6 5. O-O b5 6. Bb3 Be7 7. Re1 d6 8. c3
O-O 9. h3 Na5 10. Bc2 c5 11. d4 Qc7 12. dxc5 dxc5 13. Nh4 Re8 14. f4 Nd7 15.
Nf3 exf4 16. e5 c4 17. Bxf4 Nf8 18. Nbd2 Ng6 19. Bh2 Be6 20. Ne4 Nh4 21. Kh1
Red8 22. Nd4 Nc6 23. Nf6+ gxf6 24. exf6 Bd6 25. Nxe6 fxe6 26. Qg4+ Ng6 27. Bxg6
hxg6 28. Qxg6+ Kf8 29. Qh6+ Kg8 30. Re4 Qh7 31. Rg4+ Kh8 32. Qg5 Rg8 33. Bxd6
Rxg5 34. Rxg5 Rg8 35. Rc5 Qg6 36. Rg1 Nd8 37. g4 Qxf6 38. Be5 1-0

[Event "RA Summer Pickup #2"]
[Site "Ottawa CAN"]
[Date "2002.06.20"]
[Round "2"]
[White "Patterson, Roger"]
[Black "Pacey, Kevin"]
[Result "1-0"]
[WhiteElo "2216"]
[BlackElo "2339"]
[PlyCount "81"]
[EventDate "2002.06.13"]
[EventType "swiss"]
[EventRounds "6"]
[EventCountry "CAN"]

1. e4 e6 2. d4 d5 3. Nc3 Bb4 4. e5 c5 5. Bd2 Nc6 6. a3 Bxc3 7. Bxc3 cxd4 8.
Bxd4 Nge7 9. Nf3 Qc7 10. c3 Ng6 11. Bb5 Bd7 12. Qe2 a6 13. Bxc6 Bxc6 14. Qe3
Bb5 15. a4 Bc4 16. Nd2 a5 17. Nxc4 Qxc4 18. Qe2 Nf4 19. Qxc4 dxc4 20. g3 Nd5
21. Kd2 Kd7 22. b3 cxb3 23. Rhb1 b5 24. Rxb3 b4 25. cxb4 axb4 26. a5 Ra6 27.
Bc5 Rb8 28. Ra4 Rb5 29. Bxb4 Nb6 30. Ra1 Nc4+ 31. Kc2 Nxe5 32. Rd1+ Kc7 33.
Bd6+ Rxd6 34. Rxb5 Rc6+ 35. Kd2 Nc4+ 36. Ke2 Nd6 37. Rb2 Ne4 38. Rd4 f5 39. f3
Nc3+ 40. Kd3 e5 41. Rc4 1-0